| 000 | 00796cam a2200217 a 4500 | ||
|---|---|---|---|
| 001 | 000007290 | ||
| 005 | 20200929154125.0 | ||
| 008 | 890721s1988 bo b 001 0bspa | ||
| 040 |
_aDO-SdBNP _cDLC _dDLC |
||
| 082 |
_a928.84 _bM843B |
||
| 100 | 1 |
_aBarnadas, Josep M. _q(Josep Maria Barnadas i Mestres), _d1867-1939. _920241 |
|
| 245 | 1 | 0 |
_aGabriel René Moreno (1836-1908) : _bdrama y gloria de un boliviano / _cJosep M. Barnadas. |
| 260 |
_aLa Paz, Bolivia : _bAltiplano, _c1988. |
||
| 300 |
_a269 p. ; _c22 cm. |
||
| 490 | 1 | _aHipótesis | |
| 504 | _aIncluye referencias bibliográficas (p. 251-261) e índice. | ||
| 600 | 1 | 4 |
_aMORENO, GABRIEL RENÉ, _d1836-1908. _920242 |
| 650 | 4 |
_aHistoria _zBolivia _xBiografía _920243 |
|
| 830 | 0 |
_aHipótesis. _920244 |
|
| 910 | _aCatalogación por copia / LC | ||
| 999 |
_c7071 _d7071 |
||